000 01089nam a2200241 i 4500
001 161534
003 ES-MaACL
005 20240529062949.0
008 000720s1892 sp |||| | spa d
040 _cES-MaACL
100 1 _aPaterno, Pedro Alejandro.
_9130894
_eaut
245 1 3 _aEl barangay :
_bcon la relación de Fr. Juan de Plasencia escrita en 1589 de cómo se gobernaban los tagalos en la antigüedad y una carta de D. Miguel Villalba Hervás /
_cPaterno.
260 _aMadrid :
_b[s.n.],
_c1892
_f(Imp. de los Sucesores de Cuesta)
300 _a122 páginas ;
_c19 cm.
530 _aDisponible en formato digital
650 4 _aTagalos (Pueblo filipino)
_9155472
700 1 _aVillalba Hervás, Miguel.
_9133735
_eaut
852 _aES-MaACL
_cDEPOF
_jT-1093-F-1
_xHolandesa, conservando cub. original
_xEnc. en un vol. facticio
856 _uhttps://bvpb.mcu.es/es/consulta/registro.do?id=577701
_yVersión en línea
_z(Biblioteca Virtual del Patrimonio Bibliográfico)
942 _cFOLLETOS
_n0
999 _c161534
_d161534